Latinská poézia Andreja Vandráka [separát]

Bibliographic Details
Main Author: Hleba, Edmund, 1926-2011 (Author)
Format: Book
Language:Slovak
PhysicalDescription:S. 289-301 25 cm
Published: V Prešove Múzeum Slovenskej republiky rád 1973
Edition:[1. vyd.]
Subjects:

MARC

LEADER 00000nam a2200000 a 4500
001 vtls010425778
003 SK-MaSNL
005 20260301085352.0
008 250312s1973 xo f 000 0dslo
020 |q (brož.) 
035 |a C1E60B90-E622-4327-9654-C1BE75CF6471 
035 |a urn:nbn:sk:snk-amjkrj 
035 |a urn:nbn:sk:snk-am0012ff 
040 |a SNK  |b slo  |c SNK  |e AACR2 
041 0 |a slo  |b rus  |b ger 
044 |a xo  |c SK 
072 7 |a 821.124-1  |x Latinská poézia, latinsky písaná  |2 konspekt 
072 7 |a 82.0  |x Literatúra (teória)  |2 konspekt 
080 |a 821.124-1  |2 2001 
080 |a 82.09  |2 2001 
080 |a (0.036.6)  |2 2001 
100 1 |a Hleba, Edmund,  |d 1926-2011  |4 aut  |9 169917 
245 1 0 |a Latinská poézia Andreja Vandráka  |b [separát]  |c Edmund Hleba 
250 |a [1. vyd.] 
260 |a V Prešove  |b Múzeum Slovenskej republiky rád  |c 1973 
300 |a S. 289-301  |c 25 cm 
500 |a Separát z: Nové Obzory, spoločenskovedný zborník východného Slovenska, č. 15 (1973) 
500 |a Vydané vo Východoslovenskom vydavateľstve v Košiciach 
546 |a Res. rus., nem. 
600 1 7 |a Vandrák, Andrej,  |d 1807-1884  |2 SNKMA  |9 133547 
648 7 |a 19. stor.  |2 SNKPH  |9 278793 
650 0 7 |a latinská poézia  |2 SNKPH  |9 295044 
650 0 7 |a literárnovedné rozbory  |2 SNKPH  |9 241582 
655 7 |a separáty  |2 SNKPH  |9 70334 
710 2 |a Východoslovenské vydavateľstvo (Košice, Slovensko)  |4 pbl  |9 30900 
752 |a Slovensko  |d Prešov 
852 |a Slovenská národná knižnica 
958 |a OND 
999 |c 665603  |d 667533 
952 |a SNK  |b SNK  |y VYP  |7 0  |p 17A0810697  |o snkSC 149983 D1  |i snk2014/20600  |8 3  |g 0.50  |0 0  |1 0  |4 0  |d 2014-10-03  |f 1  |l 0  |r 2026-02-23 19:08:03  |w 2026-02-23 
952 |a SNK  |b SNK  |y PREZ  |7 0  |p 17A1026326  |o snkSC 149983  |i snk2012/10037  |8 1  |0 0  |1 0  |4 0  |d 2012-05-28  |l 0  |r 2025-07-18 00:00:00  |w 2026-02-23